Central Library OPAC University of Rajshahi

Integrated Rural Development Programme (IRDP) : (Record no. 34275)

MARC details
000 -LEADER
fixed length control field 00859nam a2200265 a 4500
001 - CONTROL NUMBER
control field 34275
003 - CONTROL NUMBER IDENTIFIER
rucl marc code BD-RjUL
005 - DATE AND TIME OF LATEST TRANSACTION
control field 20211209052130.0
008 - FIXED-LENGTH DATA ELEMENTS--GENERAL INFORMATION
fixed length control field 140515t1993 ii b 001 0 eng d
020 ## - INTERNATIONAL STANDARD BOOK NUMBER
International Standard Book Number 8171003397
035 ## - SYSTEM CONTROL NUMBER
System control number (BD-RjUL)34369
System control number (BD-RjUL)
040 ## - CATALOGING SOURCE
Original cataloging agency ANL
Language of cataloging eng
Transcribing agency ANL
Modifying agency BD-RjUL
041 ## - LANGUAGE CODE
Language code of text/sound track or separate title eng
082 04 - DEWEY DECIMAL CLASSIFICATION NUMBER
Classification number 307.720954
Author mark and year HEI 1993
Edition number 23
100 1# - MAIN ENTRY--PERSONAL NAME
Personal name Hebbar, Kusumakara C.
9 (RLIN) 104201
245 10 - TITLE STATEMENT
Title Integrated Rural Development Programme (IRDP) :
Remainder of title retrospect and prospect /
Statement of responsibility, etc. C. Kusumakara Hebbar.
260 ## - PUBLICATION, DISTRIBUTION, ETC. (IMPRINT)
Place of publication, distribution, etc. New Delhi :
Name of publisher, distributor, etc. Deep & Deep,
Date of publication, distribution, etc. c1993.
300 ## - PHYSICAL DESCRIPTION
Pagination viii, 299 p. ;
Size 22 cm.
504 ## - BIBLIOGRAPHY, ETC. NOTE
Bibliography, etc Includes bibliographical references and index.
610 20 - SUBJECT ADDED ENTRY--CORPORATE NAME
Corporate name or jurisdiction name as entry element Integrated Rural Development Programme (India)
650 #0 - SUBJECT ADDED ENTRY--TOPICAL TERM
Topical term or geographic name as entry element Rural development
Geographic subdivision India.
9 (RLIN) 104203
Topical term or geographic name as entry element Rural conditions
9 (RLIN) 179129
942 ## - ADDED ENTRY ELEMENTS (KOHA)
Source of classification or shelving scheme Dewey Decimal Classification
Koha item type Books
Holdings
Lost status Source of classification or shelving scheme Damaged status Not for loan Collection code Permanent Location Current Location Shelving location Date acquired Source of acquisition Cost, normal purchase price Total Checkouts Full call number Date last seen Copy number Koha item type
  Dewey Decimal Classification     Non-fiction Central Library, University of Rajshahi Central Library, University of Rajshahi   25/06/1997 Paragon 275.00   307.720954 HEI 1993 15/05/2014 C-2 Books
  Dewey Decimal Classification   Not For Loan Non-fiction Central Library, University of Rajshahi Central Library, University of Rajshahi Reading Room 25/06/1997 Paragon 275.00   307.720954 HEI 1993 28/12/2016 C-1 Books